Тепломассообмен: учебник для вузов/ Ф. Ф. Цветков, Б. А. Григорьев: учебник для вузов

Bibliografische gegevens
Hoofdauteur: Цветков Ф. Ф. Федор Федотович
Andere auteurs: Григорьев Б. А. Борис Афанасьевич
Samenvatting:Изложены основы теории и методы расчета процессов теплопроводности в твердых телах, конвективного теплообмена в однофазной среде, теплообмена при конденсации и кипении, теплообмена излучением между телами, разделенными прозрачной или поглощающей и излучающей средой. Рассмотрены теоретические основы совместных процессов массо- и теплообмена применительно к задачам теплоэнергетики, в том числе и промышленной. Приведены основные положения теплогидравлического расчета теплообменных аппаратов. Теоретический материал дополнен большим количеством примеров решения задач. Настоящее издание книги, выпускаемое как учебник, кардинально переработано по сравнению с предыдущим, вышедшим в Издательском доме МЭИ в 2006 г. в качестве учебного пособия, — отдельные главы существенно дополнены, некоторые параграфы сокращены или изъяты. Для студентов теплотехнических специальностей вузов.
Taal:Russisch
Gepubliceerd in: Москва, Изд-во МЭИ, 2011
Onderwerpen:
Formaat: MixedMaterials Boek
KOHA link:https://koha.lib.tpu.ru/cgi-bin/koha/opac-detail.pl?biblionumber=191646

MARC

LEADER 00000nam0a2200000 4500
001 191646
005 20231101224351.0
010 |a 9785383005637 
035 |a (RuTPU)RU\TPU\book\208977 
035 |a RU\TPU\book\94735 
090 |a 191646 
100 |a 20051222d2011 m y0rusy50 ca 
101 0 |a rus 
102 |a RU 
105 |a a j 001zy 
200 1 |a Тепломассообмен: учебник для вузов/ Ф. Ф. Цветков, Б. А. Григорьев  |e учебник для вузов  |f Ф. Ф. Цветков, Б. А. Григорьев 
210 |a Москва  |c Изд-во МЭИ  |d 2011 
215 |a 559 с.  |c ил. 
320 |a Библиография: с. 555-556. 
320 |a Алфавитно-предметный указатель: с. 557-559. 
330 |a Изложены основы теории и методы расчета процессов теплопроводности в твердых телах, конвективного теплообмена в однофазной среде, теплообмена при конденсации и кипении, теплообмена излучением между телами, разделенными прозрачной или поглощающей и излучающей средой. Рассмотрены теоретические основы совместных процессов массо- и теплообмена применительно к задачам теплоэнергетики, в том числе и промышленной. Приведены основные положения теплогидравлического расчета теплообменных аппаратов. Теоретический материал дополнен большим количеством примеров решения задач. Настоящее издание книги, выпускаемое как учебник, кардинально переработано по сравнению с предыдущим, вышедшим в Издательском доме МЭИ в 2006 г. в качестве учебного пособия, — отдельные главы существенно дополнены, некоторые параграфы сокращены или изъяты. Для студентов теплотехнических специальностей вузов. 
606 1 |a Промышленные установки  |x Тепломассообмен  |2 stltpush  |3 (RuTPU)RU\TPU\subj\52760  |9 71163 
610 1 |a твердые тела 
610 1 |a теплопроводность 
610 1 |a нестационарная теплопроводность 
610 1 |a стационарная теплопроводность 
610 1 |a однородная среда 
610 1 |a ламинарный пограничный слой 
610 1 |a турбулентный пограничный слой 
610 1 |a свободная конвекция 
610 1 |a трубы 
610 1 |a жидкость 
610 1 |a ламинарное течение 
610 1 |a турбулентное течение 
610 1 |a поперечное обтекание 
610 1 |a фазовые превращения 
610 1 |a пар 
610 1 |a конденсация 
610 1 |a кипение 
610 1 |a массообмен 
610 1 |a испарение 
610 1 |a массоперенос 
610 1 |a химические реакции 
610 1 |a лучистый теплообмен 
610 1 |a теплообмен излучением 
610 1 |a тепловое излучение 
610 1 |a теплообменные аппараты 
610 1 |a учебные пособия 
675 |a 621.1.016.4((075.8)  |v 3 
700 1 |a Цветков  |b Ф. Ф.  |g Федор Федотович 
701 1 |a Григорьев  |b Б. А.  |g Борис Афанасьевич 
801 1 |a RU  |b 63413507  |c 20110208 
801 2 |a RU  |b 63413507  |c 20160118  |g RCR 
900 |a Тепломассообмен 
942 |c BK 
951 |b 140100 
959 |a 23/20110208  |d 5  |e 0  |f АНЛ:1  |f УФ:3  |f ЧЗТЛ:1 
959 |a 2/20120123  |d 5  |e 550,00  |f ЧЗТЛ:1  |f АНЛ:1  |f УФ:3 
959 |a 65/20120423  |d 5  |e 550,00  |f УФ:5 
959 |a 1/20130111  |d 25  |e 1000,00  |f УФ:25 
959 |a 16/20140204  |d 30  |e 550,00  |f УФ:30